Tel Anafa II, iii : Decorative Wall Plaster, Objects of Personal Adornment and Glass Counters, Tools for Textile Manufacture and Miscellaneous Bone, Terracotta and Stone Figurines, Pre-Persian Pottery, Attic Pottery, and Medieval Pottery /

محفوظ في:

مؤلفون آخرون: Berlin, Andrea M., Herbert, Sharon C., 1944-

التنسيق: كتاب

اللغة: English

منشور في: Ann Arbor, MI. : Kelsey Museum of Archaeology, 2018.

سلاسل: Journal of Roman Archaeology. Supplementary ; 10, pt. II, iii.
JRAS ; 10, pt. II, iii.

الموضوعات:

الوسوم: إضافة وسم

لا توجد وسوم, كن أول من يضع وسما على هذه التسجيلة!

رقم الطلب: DS110 .T26 H47 v.2/3

LEADER 01088namaa2200253 4500
003 OSt
005 20260225090313.0
008 130303s2018 miua b 000 0 eng d
020 |a 9780990662389 
040 |c ARCE Library 
050 4 |a DS110 .T26 H47 v.2/3 
245 0 0 |a Tel Anafa II, iii :   |b Decorative Wall Plaster, Objects of Personal Adornment and Glass Counters, Tools for Textile Manufacture and Miscellaneous Bone, Terracotta and Stone Figurines, Pre-Persian Pottery, Attic Pottery, and Medieval Pottery /  |c edited by Andrea M. Berlin and Sharon C. Herbert. 
264 1 |a Ann Arbor, MI. :   |b Kelsey Museum of Archaeology,   |c 2018. 
300 |a 365 pages :  |b illustrations ;  |c 29 cm. 
490 0 |a Journal of Roman Archaeology. Supplementary ;   |v 10, pt. II, iii. 
490 0 |a JRAS ;   |v 10, pt. II, iii. 
504 |a Includes bibliographical references. 
650 0 |a Excavation (Archaeology)  |z Israel  |z Anafa Site. 
651 |a Anafa Site   |x Antiquities 
700 1 |a Berlin, Andrea M. 
700 1 |a Herbert, Sharon C.,   |d 1944- 
901 |a reviewed 
942 |c BK  |2 lcc 
999 |c 2625  |d 2625